书目信息 |
| 题名: |
如何指导博士生学术写作
|
|
| 作者: | 凯姆勒 , 托马斯 著 ;陈淑华 译 | |
| 分册: | ||
| 出版信息: | 上海 上海交通大学出版社 2020.06 |
|
| 页数: | 183页 | |
| 开本: | 24cm | |
| 丛书名: | 教育教学与人才成长研究文库 | |
| 单 册: | ||
| 中图分类: | G642.477 | |
| 科图分类: | ||
| 主题词: | 论文--写作--博士生--教学参考资料 | |
| 电子资源: | ||
| ISBN: | 978-7-313-22756-0 | |
| 000 | 01782oam2 2200325 450 | |
| 001 | 0103152656 | |
| 005 | 20201103152732.0 | |
| 010 | @a978-7-313-22756-0@dCNY78.00 | |
| 100 | @a20200703d2020 em y0chiy50 ea | |
| 101 | 1 | @achi@ceng |
| 102 | @aCN@b310000 | |
| 105 | @ay z 000yy | |
| 106 | @ar | |
| 200 | 1 | @a如何指导博士生学术写作@Aru he zhi dao bo shi sheng xue shu xie zuo@e给导师的教学法@dHelping doctoral students write@epedagogies for supervision@f(澳)芭芭拉·凯姆勒(Barbara Kamler), (英)帕特·托马斯(Pat Thomson)著@g陈淑华译@zeng |
| 210 | @a上海@c上海交通大学出版社@d2020.06 | |
| 215 | @a183页@d24cm | |
| 225 | 2 | @a教育教学与人才成长研究文库 |
| 300 | @a“上海浦江人才计划”资助出版 | |
| 305 | @a由Taylor & Francis出版集团旗下,Routledge出版公司授权出版,据原书第2版译出 | |
| 330 | @a本书是作者依据自己多年带博士生的经验和研究,写出了这本建议如何辅导博士生毕业论文和学术写作的书。本书主要的特点在于提供了一种讨论和探究指导博士生学术写作的“语言”。著者多年的经验和实证研究发现,博士生导师在指导博士生学术写作的时候缺乏讨论写作的恰当的“语言”,这种语言的缺失导致双方在交流上的障碍(一个直接的例子就是导师只能告诉学生某篇论文的学术水平不够,但为什么不够却很难用语言精确地描述出来)。书中用了大量的比喻,深入浅出地开辟了一个讨论如何辅导博士生学术写作的有效空间。 | |
| 461 | 0 | @12001 @a教育教学与人才成长研究文库 |
| 510 | 1 | @aHelping doctoral students write@epedagogies for supervision@zeng |
| 517 | 1 | @a给导师的教学法@Agei dao shi de jiao xue fa |
| 606 | 0 | @a论文@x写作@x博士生@j教学参考资料 |
| 690 | @aG642.477@v5 | |
| 701 | 0 | @c(澳)@a凯姆勒@Akai mu le@c(Kamler, Barbara)@4著 |
| 701 | 0 | @c(英)@a托马斯@Atuo ma si@c(Thomson, Pat)@4著 |
| 702 | 0 | @a陈淑华@Achen shu hua@4译 |
| 801 | 0 | @aCN@bBJSZM@c20201103 |
| 905 | @b1257226-30@dG642.477@e1730@f5 | |
| 如何指导博士生学术写作:给导师的教学法=Helping doctoral students write:pedagogies for supervision/(澳)芭芭拉·凯姆勒(Barbara Kamler), (英)帕特·托马斯(Pat Thomson)著/陈淑华译.-上海:上海交通大学出版社,2020.06 |
| 183页;24cm.-(教育教学与人才成长研究文库) |
| “上海浦江人才计划”资助出版 |
| ISBN 978-7-313-22756-0:CNY78.00 |
| 本书是作者依据自己多年带博士生的经验和研究,写出了这本建议如何辅导博士生毕业论文和学术写作的书。本书主要的特点在于提供了一种讨论和探究指导博士生学术写作的“语言”。著者多年的经验和实证研究发现,博士生导师在指导博士生学术写作的时候缺乏讨论写作的恰当的“语言”,这种语言的缺失导致双方在交流上的障碍(一个直接的例子就是导师只能告诉学生某篇论文的学术水平不够,但为什么不够却很难用语言精确地描述出来)。书中用了大量的比喻,深入浅出地开辟了一个讨论如何辅导博士生学术写作的有效空间。 |
| ● |
| 相关链接 |
|
|
|
|
正题名:如何指导博士生学术写作
索取号:G642.477/1730
 
预约/预借
| 序号 | 登录号 | 条形码 | 馆藏地/架位号 | 状态 | 备注 |
| 1 | 1257226 | 212572269 | 第一样本阅览室/ [索取号:G642.477/1730] | 在馆 | |
| 2 | 1257227 | 212572278 | 教育系资料室/ [索取号:G642.477/1730] | 在馆 | |
| 3 | 1257228 | 212572287 | 教育系资料室/ [索取号:G642.477/1730] | 在馆 | |
| 4 | 1257229 | 212572296 | 第四借阅区/ [索取号:G642.477/1730] | 在馆 | |
| 5 | 1257230 | 212572303 | 第四借阅区/ [索取号:G642.477/1730] | 在馆 |